000 01502nam a2200385 i 4500
001 ELB242242
003 FINmELB
005 20250326043439.0
006 m o u
007 cr cn|||||||||
008 231120s2020 ck ob 000 0 spa d
020 _z9789585120082
035 _a(OCoLC)1410391742
040 _aFINmELB
_bspa
_erda
_cFINmELB
050 1 4 _aBF408
_bF715 2020
080 _a159.954.4
082 0 4 _a153.35
_223
100 1 _aForero Ropero, Sonia Milena,
_eautor.
245 1 0 _aAcelerando el prototipo :
_bfase tres /
_cSonia Milena Forero Ropero, David Leonardo Vargas Nuncira, Andrés González González.
264 1 _aTunja, Boyacá :
_bUniversidad de Boyacá,
_c2020.
300 _a1 recurso en línea (39 páginas)
336 _atexto
_btxt
_2rdamedia/spa
337 _acomputadora
_bc
_2rdamedia/spa
338 _arecurso en línea
_bcr
_2rdacarrier/spa
504 _aContiene bibliografía.
588 _aDescripción basada en metadatos suministrados por el editor y otras fuentes.
590 _aRecurso electrónico. Santa Fe, Arg.: elibro, 2021. Disponible vía World Wide Web. El acceso puede estar limitado para las bibliotecas afiliadas a elibro.
650 4 _aCreatividad.
650 4 _aInnovaciones tecnológicas.
655 4 _aLibros electrónicos.
700 1 _aVargas Nuncira, David Leonardo,
_eautor.
700 1 _aGonzález González, Andrés,
_eautor.
797 2 _aelibro, Corp.
856 4 0 _uhttps://elibro.net/ereader/usam/242242
999 _c146665
_d146665